世界国家 2.5分钟速打挑战 Countries of the World Quiz in 2.5min - Statistics

General Stats
  • This quiz has been taken 180 times
  • The average score is 57 of 197
Answers on the Map
Answers color-coded by a green-red scale on the quiz's map according to % correct below.
 
Answer Stats
国家 % Correct
中国
96%
美国
87%
印度
87%
英国
85%
法国
83%
德国
81%
韩国
81%
日本
81%
朝鲜
79%
俄罗斯
79%
蒙古
79%
巴西
75%
加拿大
73%
墨西哥
71%
埃及
67%
澳大利亚
67%
缅甸
67%
泰国
65%
西班牙
65%
芬兰
63%
挪威
63%
瑞典
63%
伊朗
62%
越南
62%
老挝
60%
印度尼西亚
60%
巴基斯坦
58%
冰岛
58%
阿根廷
56%
马来西亚
56%
葡萄牙
56%
沙特阿拉伯
56%
土耳其
56%
新西兰
56%
爱尔兰
54%
哈萨克斯坦
54%
意大利
54%
波兰
52%
丹麦
52%
南非
52%
尼泊尔
52%
乌克兰
52%
不丹
50%
菲律宾
50%
智利
50%
秘鲁
46%
柬埔寨
46%
伊拉克
46%
瑞士
44%
新加坡
44%
也门
44%
阿曼
42%
阿拉伯联合酋长国
40%
阿富汗
38%
白俄罗斯
38%
孟加拉国
38%
阿尔及利亚
37%
吉尔吉斯斯坦
37%
斯里兰卡
37%
苏丹
37%
塔吉克斯坦
37%
土库曼斯坦
37%
文莱
37%
乌兹别克斯坦
35%
斐济
33%
荷兰
33%
利比亚
33%
叙利亚
33%
以色列
33%
巴勒斯坦
31%
玻利维亚
31%
古巴
31%
哥伦比亚
29%
卡塔尔
29%
摩洛哥
29%
匈牙利
29%
比利时
27%
梵蒂冈
27%
刚果共和国
27%
刚果民主共和国
27%
罗马尼亚
27%
马尔代夫
27%
马里
27%
乌拉圭
27%
希腊
27%
约旦
27%
奥地利
25%
巴布亚新几内亚
25%
巴林
25%
格鲁吉亚
25%
瑙鲁
25%
尼日利亚
25%
委内瑞拉
25%
亚美尼亚
25%
巴拿马
23%
东帝汶
23%
立陶宛
23%
摩纳哥
23%
汤加
23%
中非
23%
阿塞拜疆
21%
巴拉圭
21%
保加利亚
21%
厄瓜多尔
21%
捷克
21%
科威特
21%
黎巴嫩
21%
南苏丹
21%
尼日尔
21%
帕劳
21%
塞尔维亚
21%
埃塞俄比亚
19%
马绍尔群岛
19%
索马里
19%
图瓦卢
19%
乍得
19%
爱沙尼亚
17%
多哥
17%
基里巴斯
17%
拉脱维亚
17%
马达加斯加
17%
所罗门群岛
17%
瓦努阿图
17%
密克罗尼西亚联邦
15%
塞浦路斯
15%
斯洛伐克
15%
安道尔
13%
圭亚那
13%
加纳
13%
克罗地亚
13%
列支敦士登
13%
马耳他
13%
摩尔多瓦
13%
萨摩亚
13%
苏里南
13%
突尼斯
13%
贝宁
12%
几内亚
12%
加蓬
12%
莱索托
12%
卢森堡
12%
纳米比亚
12%
尼加拉瓜
12%
危地马拉
12%
安哥拉
10%
巴哈马
10%
北马其顿
10%
波斯尼亚和黑塞哥维那
10%
博茨瓦纳
10%
海地
10%
毛里塔尼亚
10%
圣马力诺
10%
斯威士兰
10%
阿尔巴尼亚
8%
布隆迪
8%
多米尼加
8%
佛得角
8%
哥斯达黎加
8%
洪都拉斯
8%
喀麦隆
8%
纽埃
8%
斯洛文尼亚
8%
坦桑尼亚
8%
伯利兹
6%
布基纳法索
6%
黑山
6%
几内亚比绍
6%
科摩罗
6%
肯尼亚
6%
库克群岛
6%
毛里求斯
6%
莫桑比克
6%
塞舌尔
6%
乌干达
6%
赞比亚
6%
赤道几内亚
4%
多米尼克
4%
厄立特里亚
4%
冈比亚
4%
津巴布韦
4%
利比里亚
4%
卢旺达
4%
萨尔瓦多
4%
圣卢西亚
4%
安提瓜和巴布达
2%
巴巴多斯
2%
格林纳达
2%
吉布提
2%
科特迪瓦
2%
马拉维
2%
塞拉利昂
2%
塞内加尔
2%
圣基茨和尼维斯
2%
圣多美和普林西比
0%
圣文森特和格林纳丁斯
0%
特立尼达和多巴哥
0%
牙买加
0%
No matching quizzes found
Score Distribution
Percent of People with Each Score
Percentile by Number Answered
Your Score History
You have not taken this quiz